ឈ្មួញអំបិលនិងលា : (Record no. 8906)

MARC details
000 -LEADER
fixed length control field 02582nam a22003017a 4500
001 - CONTROL NUMBER
control field 8906
003 - CONTROL NUMBER IDENTIFIER
control field FISKH
005 - DATE AND TIME OF LATEST TRANSACTION
control field 20251030162718.0
008 - FIXED-LENGTH DATA ELEMENTS--GENERAL INFORMATION
fixed length control field 251030b cb ||||| |||| 00| 0 eng d
020 ## - INTERNATIONAL STANDARD BOOK NUMBER
International Standard Book Number 9789996389238
040 ## - CATALOGING SOURCE
Original cataloging agency FISKH
Language of cataloging khr
Transcribing agency FISKH
Modifying agency FISKH
050 ## - LIBRARY OF CONGRESS CALL NUMBER
Classification number PZ7
082 ## - DEWEY DECIMAL CLASSIFICATION NUMBER
Classification number 398.2
100 ## - MAIN ENTRY--PERSONAL NAME
Personal name Anonymous
245 ## - TITLE STATEMENT
Title ឈ្មួញអំបិលនិងលា :
Remainder of title The salt trade and the donkey /
Statement of responsibility, etc. By Anonymous
260 ## - PUBLICATION, DISTRIBUTION, ETC.
Place of publication, distribution, etc. Phnom Penh :
Name of publisher, distributor, etc. ក្រុមហ៊ុន អផ្សុក ,
Date of publication, distribution, etc. 2015.
300 ## - PHYSICAL DESCRIPTION
Extent 12 pages :
Other physical details color illustrations ;
Dimensions 21 cm .
490 ## - SERIES STATEMENT
Series statement និទានអប់រំសម្រាប់កុមារ
505 ## - FORMATTED CONTENTS NOTE
Formatted contents note J <br/>
520 ## - SUMMARY, ETC.
Summary, etc. មានឈ្មួញម្នាក់តែងតែដាក់អំបិលនៅលើខ្នងលាហើយយកទៅលក់នៅក្រុង ។​ ថ្ងៃមួយលាបានដើរឆ្លងអូរក៏ជំពប់ជើងធ្វើអោយអំបិលរលាយជិតអស់ ៕​ ពេលក្រោកឡើងវាចម្លែកចិត្តហេតុអីក៏ស្រាលខ្លួន ។ ក្រោយមកលាតែងតែបន្លំធ្វើដួលពេលឆ្លងអូរ តែឈ្មួញដឹងល្បិចនេះក៏យកសំឡីញ៉ាត់ចូលការុង ពេលឆ្លងអូលាក៏ធ្វើពុតរអិលដូចលើកមុន​។ ចាប់ពីពេលនោះមក លាក៏រៀងចាលលែងហ៊ានធ្វើដូចនេះទៀត ។​
520 ## - SUMMARY, ETC.
Summary, etc. There was once a merchant who always loaded salt onto his donkey’s back to take and sell in the city. One day, while crossing a stream, the donkey slipped and fell into the water, causing most of the salt to dissolve. When it got up, it was surprised to find its load much lighter. After that, the donkey often pretended to fall whenever it crossed the stream. But the merchant discovered its trick and decided to fill the sacks with cotton instead. When the donkey slipped into the water again as before, the cotton absorbed the water and became very heavy. From that day on, the donkey never dared to play that trick again.
521 8# - TARGET AUDIENCE NOTE
Target audience note 500 <br/>
Source Lexile estimate <br/>
521 8# - TARGET AUDIENCE NOTE
Target audience note J <br/>
Source Raz-Plus <br/>
650 ## - SUBJECT ADDED ENTRY--TOPICAL TERM
Topical term or geographic name entry element លានិងឈ្មួញអំបិល
Form subdivision រឿងនិទានកុមារ
650 ## - SUBJECT ADDED ENTRY--TOPICAL TERM
Topical term or geographic name entry element The salt trade and the donkey
Form subdivision Children's Stories
942 ## - ADDED ENTRY ELEMENTS (KOHA)
Source of classification or shelving scheme Dewey Decimal Classification
Koha item type Khmer Books
Suppress in OPAC No
Holdings
Withdrawn status Lost status Source of classification or shelving scheme Damaged status Not for loan Collection Home library Current library Shelving location Date acquired Total Checkouts Full call number Barcode Date last seen Copy number Price effective from Koha item type Date last checked out Date due
    Dewey Decimal Classification     Khmer-English Bilingual / ភាសាខ្មែរ-អង់គ្លេស Footprints International School Library Network Toul Tom Poung Campus Footprints International School Library Network Toul Tom Poung Campus TTP Primary Khmer Bookshelves 10/30/2025   ANO PZ7 398.2 2025-4768 10/30/2025 1 10/30/2025 Khmer Books    
    Dewey Decimal Classification     Khmer-English Bilingual / ភាសាខ្មែរ-អង់គ្លេស Footprints International School Library Network Toul Tom Poung Campus Footprints International School Library Network Toul Tom Poung Campus TTP Primary Khmer Bookshelves 10/30/2025   ANO PZ7 398.2 FIS04381 10/30/2025 2 10/30/2025 Khmer Books    
    Dewey Decimal Classification     Khmer-English Bilingual / ភាសាខ្មែរ-អង់គ្លេស Footprints International School Library Network Toul Tom Poung Campus Footprints International School Library Network Toul Tom Poung Campus TTP Primary Khmer Bookshelves 10/30/2025 1 ANO PZ7 398.2 FIS04999 03/11/2026 3 10/30/2025 Khmer Books 03/11/2026  
    Dewey Decimal Classification     Khmer-English Bilingual / ភាសាខ្មែរ-អង់គ្លេស Footprints International School Library Network Toul Tom Poung Campus Footprints International School Library Network Toul Tom Poung Campus TTP Primary Khmer Bookshelves 11/10/2025   ANO PZ7 398.2 FISBK03860 11/10/2025 4 11/10/2025 Khmer Books    
    Dewey Decimal Classification     Khmer-English Bilingual / ភាសាខ្មែរ-អង់គ្លេស Footprints International School Library Network Toul Tom Poung Campus Footprints International School Library Network Toul Tom Poung Campus TTP Primary Khmer Bookshelves 11/10/2025 1 ANO PZ7 398.2 FISBK03773 04/01/2026 5 11/10/2025 Khmer Books 04/01/2026 04/15/2026
    Dewey Decimal Classification     Khmer-English Bilingual / ភាសាខ្មែរ-អង់គ្លេស Footprints International School Library Network Toul Tom Poung Campus Footprints International School Library Network Toul Tom Poung Campus TTP Primary Khmer Bookshelves 11/10/2025   ANO PZ7 398.2 FIS05011 11/10/2025 6 11/10/2025 Khmer Books